[Event "SVK-Cup14 sf3 corr"]
[Site "Slovakia"]
[Date "2005.??.??"]
[Round "?"]
[White "Bazela, Emil"]
[Black "Kankula, Robert"]
[Result "1-0"]
[WhiteElo "2178"]
[BlackElo "1851"]
[PlyCount "79"]
[EventDate "2005.04.01"]
[EventType "tourn (corr)"]
[EventRounds "6"]
[EventCountry "SVK"]
[SourceTitle "Corr 2008"]
[Source "ChessBase"]
[SourceDate "2008.06.24"]
[SourceVersion "1"]
[SourceVersionDate "2008.06.24"]
[SourceQuality "1"]

1. e4 c5 2. Nf3 a6 3. c4 d6 4. d4 cxd4 5. Nxd4 e6 6. Nc3 Nf6 7. Be2 Be7 8. 0-0 0-0 9. f4 Qc7 10. Be3 Nbd7 11. Qc2 Re8 12. Rad1 Nf8 13. f5 exf5 14. Nxf5 Bxf5 15. Rxf5 Ng6 16. Bd4 Rac8 17. Rdf1 Rf8 18. Qd3 Qd8 19. Nd5 Nxd5 20. Rxd5 Qc7 21. b3 Ne5 22. Qg3 f6 23. Bg4 Nxg4 24. Qxg4 Rf7 25. Rh5 Rcf8 26. Qh3 g6 27. Rd5 Qc8 28. Qd3 Qe6 29. Bc3 Rc8 30. h3 Re8 31. Rf4 Ref8 32. Qd4 Re8 33. Bb2 Ref8 34. Ba3 Re8 35. Bxd6 Bxd6 36. Rxd6 Qe5 37. Qxe5 Rxe5 38. Rdxf6 Rxf6 39. Rxf6 Rxe4 40. Rb6 1-0

[Event "SVK-Cup14 sf2 corr"]
[Site "Slovakia"]
[Date "2005.??.??"]
[Round "?"]
[White "Bazela, Emil"]
[Black "Vajo, Jozef"]
[Result "1/2-1/2"]
[WhiteElo "2178"]
[BlackElo "1614"]
[PlyCount "36"]
[EventDate "2005.04.01"]
[EventType "tourn (corr)"]
[EventRounds "6"]
[EventCountry "SVK"]
[SourceTitle "Corr 2008"]
[Source "ChessBase"]
[SourceDate "2008.06.24"]
[SourceVersion "1"]
[SourceVersionDate "2008.06.24"]
[SourceQuality "1"]

1. e4 c5 2. Nf3 d6 3. d4 cxd4 4. Nxd4 Nf6 5. Nc3 g6 6. Be3 Bg7 7. f3 0-0 8. Qd2 Nc6 9. Bc4 Bd7 10. 0-0-0 Qa5 11. Bb3 Rfc8 12. Kb1 Ne5 13. h4 h5 14. Qe2 a6 15. Bg5 Re8 16. Qf1 Rac8 17. f4 Neg4 18. f5 gxf5 1/2-1/2

[Event "SVK-Cup14 sf2 corr"]
[Site "Slovakia"]
[Date "2005.??.??"]
[Round "?"]
[White "Pacholsky, Martin"]
[Black "Bazela, Emil"]
[Result "1-0"]
[WhiteElo "2071"]
[BlackElo "2178"]
[PlyCount "75"]
[EventDate "2005.04.01"]
[EventType "tourn (corr)"]
[EventRounds "6"]
[EventCountry "SVK"]
[SourceTitle "Corr 2008"]
[Source "ChessBase"]
[SourceDate "2008.06.24"]
[SourceVersion "1"]
[SourceVersionDate "2008.06.24"]
[SourceQuality "1"]

1. e4 e5 2. Nf3 Nc6 3. d4 exd4 4. Nxd4 Bc5 5. Be3 Qf6 6. c3 d6 7. Bb5 Nge7 8. 0-0 0-0 9. Bxc6 bxc6 10. Qh5 Bb6 11. Nd2 Ba6 12. Rfe1 c5 13. Bg5 Qg6 14. Qxg6 Nxg6 15. Nf5 Bc8 16. a4 a6 17. a5 Ba7 18. Rab1 Re8 19. b4 cxb4 20. cxb4 d5 21. Ne3 dxe4 22. Nd5 Re5 23. Nxc7 Rb8 24. Be3 Bxe3 25. fxe3 Re7 26. Rec1 Rd7 27. Nxe4 Bb7 28. b5 Bxe4 29. Nxa6 Rbd8 30. Rb4 f5 31. Nc5 Rc8 32. Rbc4 Rxc5 33. Rxc5 Rd2 34. R1c4 Rxg2+ 35. Kf1 Rxh2 36. Rxe4 fxe4 37. b6 Rb2 38. Rc7 1-0

[Event "SVK-Cup13 fin email"]
[Site "Slovakia"]
[Date "2004.??.??"]
[Round "17"]
[White "Bazela, Emil"]
[Black "Kupec, Miroslav"]
[Result "0-1"]
[WhiteElo "2190"]
[BlackElo "2143"]
[PlyCount "48"]
[EventDate "2003.??.??"]
[EventType "tourn (corr)"]
[EventRounds "14"]
[EventCountry "SVK"]
[SourceTitle "Corr 2006"]
[Source "ChessBase"]
[SourceDate "2006.04.01"]
[SourceVersion "3"]
[SourceVersionDate "2006.04.01"]
[SourceQuality "1"]

1. e4 e5 2. f4 exf4 3. Nf3 g5 4. Bc4 g4 5. 0-0 gxf3 6. Qxf3 Qf6 7. e5 Qxe5 8. Bxf7+ Kxf7 9. d4 Qf5 10. g4 Qg6 11. Bxf4 Nf6 12. Be5 Be7 13. Bxf6 Bxf6 14. Nc3 d6 15. Nd5 Nd7 16. Rae1 Rf8 17. Nf4 Kg7 18. Ne6+ Kg8 19. Nxf8 Kxf8 20. Re4 Kg7 21. Rf4 c6 22. Rf2 Bh4 23. Rf7+ Kh8 24. Rf1 Nf6 0-1

[Event "SVK-Cup13 fin email"]
[Site "Slovakia"]
[Date "2004.??.??"]
[Round "52"]
[White "Marcek, Stefan"]
[Black "Bazela, Emil"]
[Result "1-0"]
[WhiteElo "2199"]
[BlackElo "2190"]
[PlyCount "81"]
[EventDate "2003.??.??"]
[EventType "tourn (corr)"]
[EventRounds "14"]
[EventCountry "SVK"]
[SourceTitle "Corr 2006"]
[Source "ChessBase"]
[SourceDate "2006.04.01"]
[SourceVersion "3"]
[SourceVersionDate "2006.04.01"]
[SourceQuality "1"]

1. Nc3 d5 2. Nf3 Nf6 3. d4 Bf5 4. Bg5 e6 5. e3 Be7 6. Bd3 Bg4 7. h3 Bh5 8. Qe2 Nbd7 9. 0-0-0 c5 10. g4 Bg6 11. Bxg6 hxg6 12. Bf4 Rc8 13. g5 Nh5 14. Bh2 a6 15. h4 cxd4 16. Rxd4 Rxc3 17. bxc3 Qa5 18. Kd2 Qxa2 19. Qd1 Nc5 20. Qb1 Qa3 21. Ne5 Ne4+ 22. Rxe4 dxe4 23. Qxb7 0-0 24. Rd1 Bc5 25. Qxe4 Qb2 26. Qa4 Qb7 27. Ke2 Qg2 28. Nf3 f6 29. Qc6 fxg5 30. Rg1 Qh3 31. Rxg5 Be7 32. Rxg6 Rf7 33. Qa8+ Kh7 34. Rg2 Qf5 35. Nd4 Qd5 36. Qe8 e5 37. Qc6 Qxc6 38. Nxc6 e4 39. Nxe7 Rxe7 40. c4 Nf6 41. Rg5 1-0

[Event "SVK-Cup13 G2 corr"]
[Site "Slovakia"]
[Date "2003.??.??"]
[Round "?"]
[White "Bazela, Emil"]
[Black "Magula, Rene"]
[Result "1/2-1/2"]
[WhiteElo "2235"]
[BlackElo "2112"]
[PlyCount "74"]
[EventDate "2002.??.??"]
[EventType "tourn (corr)"]
[EventRounds "12"]
[EventCountry "SVK"]
[SourceTitle "Corr 2004"]
[Source "ChessBase"]
[SourceDate "2003.04.28"]
[SourceVersion "3"]
[SourceVersionDate "2003.04.28"]
[SourceQuality "1"]

1. c4 e6 2. d4 d5 3. Nc3 Nf6 4. Bg5 Nbd7 5. e3 c6 6. Nf3 Bb4 7. Bd3 Qa5 8. 0-0 Bxc3 9. bxc3 dxc4 10. Bxc4 Ne4 11. Bf4 Nxc3 12. Qc2 Nb6 13. Bd3 f5 14. Rfc1 Nbd5 15. Bd6 Qd8 16. Ba3 a6 17. Ne5 Nb5 18. Bc5 Nd6 19. Qe2 Nf7 20. Nxf7 Kxf7 21. Qh5+ g6 22. Qh6 b6 23. Ba3 Bb7 24. Rab1 Qc7 25. Rb3 a5 26. Rc2 Rad8 27. Be2 Rc8 28. Bf3 Qd8 29. Rb1 Ba6 30. Rbc1 Bb5 31. Rb2 Qd7 32. h4 Nf6 33. h5 Rhg8 34. Qg5 Rge8 35. Rbc2 Nxh5 36. Bxh5 gxh5 37. Qxh5+ Kg8 1/2-1/2

[Event "SVK-ch sf 30th corr"]
[Site "Slovakia"]
[Date "2003.??.??"]
[Round "?"]
[White "Kupec, Miroslav"]
[Black "Bazela, Emil"]
[Result "1-0"]
[WhiteElo "2143"]
[BlackElo "2190"]
[PlyCount "57"]
[EventDate "2003.02.24"]
[EventType "tourn (corr)"]
[EventRounds "14"]
[EventCountry "SVK"]
[SourceTitle "Corr 2004"]
[Source "ChessBase"]
[SourceDate "2003.04.28"]
[SourceVersion "3"]
[SourceVersionDate "2003.04.28"]
[SourceQuality "1"]

1. e4 c5 2. Nf3 d6 3. d4 cxd4 4. Nxd4 Nf6 5. Nc3 a6 6. Be2 e6 7. 0-0 Qc7 8. f4 b5 9. Bf3 Bb7 10. e5 dxe5 11. fxe5 Nfd7 12. Bf4 Nc6 13. Nxc6 Bxc6 14. Kh1 Rc8 15. Bxc6 Qxc6 16. Qe2 Nb6 17. Ne4 Qxc2 18. Qf3 Qc7 19. Rac1 Qd7 20. Rxc8+ Nxc8 21. Rd1 Qc7 22. Bg5 Be7 23. Rc1 Qb8 24. Nf6+ Bxf6 25. Qc6+ Ke7 26. Qc5+ Nd6 27. exd6+ Kd8 28. Bxf6+ gxf6 29. Qf2 1-0

[Event "SVK-Cup13 G2 corr"]
[Site "Slovakia"]
[Date "2003.??.??"]
[Round "?"]
[White "Magula, Rene"]
[Black "Bazela, Emil"]
[Result "1/2-1/2"]
[WhiteElo "2112"]
[BlackElo "2235"]
[PlyCount "74"]
[EventDate "2002.??.??"]
[EventType "tourn (corr)"]
[EventRounds "12"]
[EventCountry "SVK"]
[SourceTitle "Corr 2004"]
[Source "ChessBase"]
[SourceDate "2003.04.28"]
[SourceVersion "3"]
[SourceVersionDate "2003.04.28"]
[SourceQuality "1"]

1. e4 c5 2. Nf3 d6 3. d4 cxd4 4. Nxd4 Nf6 5. Nc3 a6 6. Bc4 e6 7. 0-0 b5 8. Bd3 Bb7 9. a3 Be7 10. Re1 0-0 11. Bg5 Nbd7 12. Qd2 Qb6 13. Be3 Qc7 14. f3 Ne5 15. Bf2 Rac8 16. Be2 Nc4 17. Bxc4 Qxc4 18. a4 b4 19. Nd1 d5 20. Ne3 Qc7 21. Bg3 Qa5 22. Nb3 Qd8 23. e5 Nh5 24. Bf2 Nf4 25. Nd4 Ng6 26. Bg3 Bc5 27. Nb3 Bxe3+ 28. Rxe3 Rc4 29. Nd4 Qb6 30. Rd3 Rfc8 31. a5 Qc5 32. f4 Ba8 33. Bf2 Qe7 34. Rb3 Rb8 35. Ra4 Qc5 36. g3 Bc6 37. Ra1 Qe7 1/2-1/2

[Event "SVK-chT 5th B01 corr"]
[Site "Slovakia"]
[Date "2002.02.15"]
[Round "?"]
[White "Bazela, Emil"]
[Black "Kolcak, Marek"]
[Result "1/2-1/2"]
[WhiteElo "2235"]
[BlackElo "2540"]
[PlyCount "97"]
[EventDate "2002.02.15"]
[EventType "team (corr)"]
[EventRounds "14"]
[EventCountry "SVK"]
[SourceTitle "Corr 2004"]
[Source "ChessBase"]
[SourceDate "2003.04.28"]
[SourceVersion "3"]
[SourceVersionDate "2003.04.28"]
[SourceQuality "1"]

1. c4 e5 2. Nc3 Nc6 3. Nf3 g6 4. d4 exd4 5. Nxd4 Bg7 6. Nxc6 bxc6 7. g3 Qe7 8. Bg2 Qe6 9. Nd5 cxd5 10. Bxd5 Qd6 11. Bxa8 Qxd1+ 12. Kxd1 c6 13. Be3 Nf6 14. b4 Ng4 15. Rb1 Nxe3+ 16. fxe3 Kd8 17. Rf1 f6 18. b5 Kc7 19. bxc6 dxc6 20. Rb3 Re8 21. Kd2 a5 22. c5 Re5 23. e4 Rxc5 24. Rc1 Bh6+ 25. e3 Bf8 26. Rbc3 Rxc3 27. Kxc3 a4 28. Kd4 Bd7 29. e5 fxe5+ 30. Kxe5 Bg7+ 31. Kf4 a3 32. Rc2 h6 33. e4 g5+ 34. Ke3 Kb6 35. h3 Be5 36. g4 Kb5 37. Ke2 Bb2 38. Kd3 Kb6 39. Rc4 Kb5 40. e5 Be6 41. Bxc6+ Kb6 42. Ba8 Bxc4+ 43. Kxc4 Bxe5 44. Kd5 Bc3 45. Ke6 Kc5 46. Kf5 Kd6 47. Kg6 Ke7 48. Kxh6 Bd2 49. Kg6 1/2-1/2

[Event "SVK-chT 5th B01 corr"]
[Site "Slovakia"]
[Date "2002.02.15"]
[Round "?"]
[White "Kolcak, Marek"]
[Black "Bazela, Emil"]
[Result "1-0"]
[WhiteElo "2540"]
[BlackElo "2235"]
[PlyCount "51"]
[EventDate "2002.02.15"]
[EventType "team (corr)"]
[EventRounds "14"]
[EventCountry "SVK"]
[SourceTitle "Corr 2004"]
[Source "ChessBase"]
[SourceDate "2003.04.28"]
[SourceVersion "3"]
[SourceVersionDate "2003.04.28"]
[SourceQuality "1"]

1. e4 c5 2. Nf3 d6 3. c3 Nf6 4. e5 dxe5 5. Nxe5 Nbd7 6. f4 Qc7 7. d4 e6 8. Be2 cxd4 9. cxd4 Nd5 10. 0-0 Be7 11. Rf3 0-0 12. Nc3 N7f6 13. Rh3 Rd8 14. Bd3 g6 15. Nxd5 exd5 16. f5 Bd6 17. Ng4 Be7 18. Be3 Qb6 19. Qf3 Nxg4 20. Qxg4 Qxb2 21. Rf1 Qc3 22. Qf4 g5 23. Qe5 Qxd3 24. Qxe7 Bxf5 25. Bxg5 Qe4 26. Rxf5 1-0

[Event "SVK-chT 5th B01 corr"]
[Site "Slovakia"]
[Date "2002.02.15"]
[Round "?"]
[White "Korbela, Lubomir"]
[Black "Bazela, Emil"]
[Result "1/2-1/2"]
[WhiteElo "2345"]
[BlackElo "2235"]
[PlyCount "88"]
[EventDate "2002.02.15"]
[EventType "team (corr)"]
[EventRounds "14"]
[EventCountry "SVK"]
[SourceTitle "Corr 2004"]
[Source "ChessBase"]
[SourceDate "2003.04.28"]
[SourceVersion "3"]
[SourceVersionDate "2003.04.28"]
[SourceQuality "1"]

1. e4 c5 2. f4 g6 3. Nf3 Bg7 4. Nc3 Nc6 5. Be2 e6 6. d4 cxd4 7. Nb5 d6 8. c3 e5 9. fxe5 dxe5 10. cxd4 a6 11. Qa4 Bg4 12. d5 axb5 13. Qxb5 Bxf3 14. gxf3 Ra5 15. Qxb7 Nd4 16. Bd2 Rc5 17. Bd1 Nf6 18. Ba4+ Nd7 19. 0-0 Rc7 20. Qa6 0-0 21. Ba5 Nc5 22. Qc4 Qg5+ 23. Kh1 Rb7 24. Bc3 Qh4 25. Qxc5 Bh6 26. Bxd4 exd4 27. Qxd4 Rb4 28. Qf2 Qxf2 29. Rxf2 Rxa4 30. b3 Rd4 31. Re1 Re8 32. Ree2 f5 33. exf5 Rxe2 34. Rxe2 gxf5 35. Re5 Rd1+ 36. Kg2 Rd2+ 37. Kh3 Rxa2 38. Rxf5 Kg7 39. Kg3 Rxh2 40. Kxh2 Kg6 41. f4 Kxf5 42. d6 Bxf4+ 43. Kh1 Bxd6 44. b4 Bxb4 1/2-1/2

[Event "SVK-ch 16th corr"]
[Site "Slovakia"]
[Date "2002.??.??"]
[Round "?"]
[White "Janos, Jozef"]
[Black "Bazela, Emil"]
[Result "1-0"]
[WhiteElo "2412"]
[BlackElo "2395"]
[PlyCount "163"]
[EventDate "2001.??.??"]
[EventType "tourn (corr)"]
[EventRounds "14"]
[EventCountry "SVK"]
[EventCategory "5"]
[SourceTitle "Corr 2004"]
[Source "ChessBase"]
[SourceDate "2003.04.28"]
[SourceVersion "3"]
[SourceVersionDate "2003.04.28"]
[SourceQuality "1"]

1. Nf3 Nf6 2. c4 b6 3. g3 Bb7 4. Bg2 e6 5. 0-0 Be7 6. Nc3 0-0 7. d4 d6 8. Qc2 c5 9. d5 e5 10. Nh4 g6 11. e4 Ne8 12. Nf3 Ng7 13. Bh6 f5 14. exf5 Rxf5 15. Qd2 Nd7 16. Ne4 Nf6 17. Nxf6+ Rxf6 18. Bxg7 Kxg7 19. Ng5 Bc8 20. Ne6+ Bxe6 21. dxe6 Rb8 22. Bd5 b5 23. b3 Qb6 24. Rae1 bxc4 25. bxc4 Qb4 26. Qc2 Qa5 27. Rb1 Rb4 28. a3 Rb6 29. Rxb6 axb6 30. Rb1 Bd8 31. Qd3 Qa4 32. Rb5 Qa7 33. Kg2 Rf8 34. Qb3 Rf5 35. a4 Qe7 36. a5 Qf6 37. f3 bxa5 38. Rb7+ Be7 39. Rc7 Kh6 40. h4 e4 41. Qe3+ Kg7 42. fxe4 Re5 43. Qf4 g5 44. Qxf6+ Kxf6 45. hxg5+ Rxg5 46. Ra7 h5 47. Kh3 a4 48. Rxa4 Kg7 49. Ra7 Kf6 50. Ra3 Kg7 51. Ra1 Kg6 52. Ra8 Kg7 53. Rb8 Kg6 54. Rb3 Kg7 55. Rf3 Bf6 56. Rf1 Kg6 57. Rf4 Re5 58. Kg2 Kg5 59. Rf2 Kg6 60. Ra2 Be7 61. Ra3 Rg5 62. Kf2 Re5 63. Rf3 Bf6 64. Ke2 Rg5 65. Kd3 Rg4 66. Kc2 h4 67. gxh4 Rxh4 68. Rg3+ Kh7 69. Kb3 Rh2 70. Ka4 Rb2 71. Ka5 Rb8 72. Ka6 Kh6 73. Ka7 Re8 74. Kb6 Be5 75. Rg2 Kh7 76. Kc6 Re7 77. Rg5 Bf4 78. Rf5 Bg3 79. e5 Bxe5 80. Rxe5 dxe5 81. Kd6 Re8 82. Bc6 1-0

[Event "SVK-ch 16th corr"]
[Site "Slovakia"]
[Date "2002.??.??"]
[Round "?"]
[White "Maros, Milan"]
[Black "Bazela, Emil"]
[Result "1/2-1/2"]
[WhiteElo "2362"]
[BlackElo "2395"]
[PlyCount "94"]
[EventDate "2001.??.??"]
[EventType "tourn (corr)"]
[EventRounds "14"]
[EventCountry "SVK"]
[EventCategory "5"]
[SourceTitle "Corr 2004"]
[Source "ChessBase"]
[SourceDate "2003.04.28"]
[SourceVersion "3"]
[SourceVersionDate "2003.04.28"]
[SourceQuality "1"]

1. e4 c5 2. Nf3 d6 3. d4 cxd4 4. Nxd4 Nf6 5. Nc3 a6 6. Be3 e5 7. Nb3 Be6 8. Qd2 Nbd7 9. f3 b5 10. 0-0-0 Be7 11. g4 0-0 12. g5 b4 13. Ne2 Ne8 14. h4 a5 15. Kb1 a4 16. Nbc1 Qb8 17. Ng3 b3 18. cxb3 axb3 19. a3 Qc7 20. Nce2 d5 21. exd5 Bxd5 22. Nc3 Be6 23. Bh3 Nd6 24. Bxe6 fxe6 25. Nge4 Nxe4 26. fxe4 Nb6 27. Nb5 Qc6 28. Bxb6 Qxb5 29. Qd7 Qxb6 30. Qxe7 Rf7 31. Qd6 Qxd6 32. Rxd6 Raf8 33. Rc1 Rf4 34. h5 Rxe4 35. Rxe6 Rh4 36. h6 e4 37. Rb6 Rh5 38. Rxb3 Rxg5 39. Re3 Re5 40. hxg7 Rf3 41. Rxf3 exf3 42. Rf1 Re3 43. Kc2 h5 44. a4 h4 45. a5 h3 46. a6 h2 47. a7 Re8 1/2-1/2

[Event "SVK-Cup11 corr"]
[Site "Slovakia"]
[Date "2001.??.??"]
[Round "?"]
[White "Bazela, Emil"]
[Black "Nalepovic, Jozef"]
[Result "1/2-1/2"]
[WhiteElo "2398"]
[BlackElo "2049"]
[PlyCount "53"]
[EventDate "2001.??.??"]
[EventType "tourn (corr)"]
[EventRounds "10"]
[EventCountry "SVK"]
[SourceTitle "Corr 2002"]
[Source "ChessBase"]
[SourceDate "2002.05.23"]
[SourceVersion "1"]
[SourceVersionDate "2002.05.23"]
[SourceQuality "1"]

1. c4 e6 2. d4 Nf6 3. Nc3 Bb4 4. e3 0-0 5. Nf3 d5 6. Bd3 c5 7. 0-0 dxc4 8. Bxc4 Nc6 9. a3 Bxc3 10. bxc3 Qc7 11. Be2 e5 12. Qc2 Rd8 13. Bb2 Bg4 14. dxe5 Nxe5 15. c4 Nxf3+ 16. gxf3 Bh3 17. Rfd1 Rxd1+ 18. Rxd1 Rd8 19. Bxf6 gxf6 20. f4 Rxd1+ 21. Qxd1 Qa5 22. Bg4 Bxg4 23. Qxg4+ Kf8 24. Qc8+ Kg7 25. Qxb7 Qxa3 26. Qg2+ Kf8 27. Qa8+ 1/2-1/2

[Event "SVK-ch 16th corr"]
[Site "Slovakia"]
[Date "2001.??.??"]
[Round "?"]
[White "Bazela, Emil"]
[Black "Sedlacek, Pavol"]
[Result "0-1"]
[WhiteElo "2395"]
[BlackElo "2417"]
[PlyCount "42"]
[EventDate "2001.??.??"]
[EventType "tourn (corr)"]
[EventRounds "14"]
[EventCountry "SVK"]
[EventCategory "5"]
[SourceTitle "Corr 2004"]
[Source "ChessBase"]
[SourceDate "2003.04.28"]
[SourceVersion "3"]
[SourceVersionDate "2003.04.28"]
[SourceQuality "1"]

1. e4 e5 2. f4 exf4 3. Nf3 g5 4. Nc3 d6 5. d4 Bg7 6. h4 h6 7. Be2 Nc6 8. d5 Ne5 9. Nxe5 Bxe5 10. Qd3 g4 11. Qb5+ Kf8 12. Bd2 h5 13. 0-0-0 Ne7 14. Rdf1 Ng6 15. Bd3 Nxh4 16. Ne2 f3 17. gxf3 Nxf3 18. Be3 h4 19. Nf4 Qf6 20. Ng2 h3 21. Ne1 Bf4 0-1